000 01292nab a22002417a 4500
999 _c6034
_d6034
003 OSt
005 20260116210344.0
008 190605e xxu||||| |||| 00| 0 spa d
040 _cPJ
100 _96446
_aLerussi, Gustavo D.
245 1 3 _aLa consolidación de la cosa juzgada administrativa en el sistema de riesgos del trabajo /
_cGustavo D. Lerussi.
260 _aCiudad Autónoma de Buenos Aires :
_bThomson Reuters La Ley,
_c2025.
300 _ap. 267-270
500 _aCita Online: Cita: TR LALEY AR/DOC/2016/2025.
505 _aSumario: I. Introducción.— II. El caso Alegre y la decisión del Tribunal.— III. El precedente Lescano (SCBA, 2024).— IV. El caso Peralta y el pronunciamiento del TSJ de Córdoba.— V. Comparación analógica y valoración conjunta.— VI. Conclusión.— VII. Referencias bibliográficas.
505 _t¿Te interesa el texto completo? Solicitalo al correo: koha@justierradelfuego.gov.ar
650 0 _91316
_aDERECHO LABORAL
650 0 _92997
_aCOSA JUZGADA ADMINISTRATIVA
650 0 _91430
_aRIESGOS DEL TRABAJO
650 0 _91482
_aLEY SOBRE RIESGOS DEL TRABAJO
773 0 _02711
_93168
_dCiudad Autónoma de Buenos Aires : Thomson Reuters La Ley, 1999-2002.
_tRevista de derecho del trabajo. Nº 5 - Septiembre 2025
942 _2udc
_cANA